000
00480nam a2200145Ia 4500
008
100122s9999 xx 000 0 und d
082
_b
47158
_a
925
100
_a
पाठक सरिता
245
_a
भारतीय शास्त्रज्ञ
260
_b
परिमल प्रकाशन
_c
1992
300
_a
99
630
_a
भारतीय शास्त्रज्ञ
730
_a
भारतीय शास्त्रज्ञ
942
_c
BOOK
999
_c
426078
_d
426075